00497nam a2200145Ia 4500008004100000020001800041041000800059082001600067100001500083245015200098260002100250300000800271365001600279700005600295230718s9999 xx 000 0 und d a9789350232088 aeng a004.65bSER aSeroter R. aApplied Architecture Patterns On The Microsoft PlatformbAn In-Depth, Scenario Driven Approach To Architecting Systems Using Microsoft Technologies c2010bPackt Pub. a518 cRs.b500.00 aSeroter R., Fairweather E., Thomas S.W. & Sexton M.